| 000 | 00728nam a2200181 a 4500 | ||
|---|---|---|---|
| 001 | BRL_1482 | ||
| 005 | 20190320211228.0 | ||
| 008 | 230114t1961----mx-ab#####---#000-0#spa-# | ||
| 050 | 4 |
_aHC137.C4 _b.K67 1992 |
|
| 100 | 1 |
_aKorsbaek, Leif _927054 |
|
| 245 | 1 | 0 |
_aEl sistema de cargos en la antropología chiapaneca _bde la antropología tradicional a la moderna _cLeif Korsbaek. |
| 260 |
_aTuxtla Gutiérrez, Chiapas, México _bGobierno del Estado de Chiapas : Instituto Chiapaneco de Cultura _c1992 |
||
| 300 |
_a27 p. _c22 cm. |
||
| 440 | 0 |
_aCuadernos de la biblioteca pública _v2 _927055 |
|
| 651 | 4 |
_aChiapas _xCondiciones económicas _zMéxico _927056 |
|
| 651 | 4 |
_aChiapas _xCondiciones sociales _zMéxico _927057 |
|
| 942 |
_2lcc _cB |
||
| 999 |
_c10292 _d10292 |
||